00460nam a2200181 a 4500001001300000003000900013005001700022008004100039020000900080082001400089100001600103245003700119260004700156300000800203500003500211650001600246700001600262nice12345678IN_TiNIC20260116011316.0070530s1910 lona grp 000 0 eng  ac1000a239bWHE3 aWherry, E M aIslam Refuted on Its Own Grounds aLondonbChristian Literature Societyc1910 a49p aincludes index and biblioraphy aApologetics1 aWherry, E M